Sports Quiz

Random Sports or Football Quiz

Most matches together with Jürgen Klinsmann Quiz Stats

 Plays Quiz not verified by Sporcle

Score 0/26 Timer 04:00
0 Plays Today
Matches Name % Correct
226Lothar Matthäus
85.9%
86Oliver Kahn
74.1%
150Andreas Brehme
65.9%
80Jürgen Kohler
56.5%
76Mehmet Scholl
52.9%
108Christian Ziege
49.4%
99Andreas Müller
48.2%
228Guido Buchwald
47.1%
97Markus Babbel
45.9%
114Walter Zenga
44.7%
123Thomas Helmer
43.5%
122Nicola Berti
40%
112Giuseppe Bergomi
38.8%
Matches Name % Correct
83Thomas Häßler
35.3%
85Thomas Strunz
31.8%
106Eike Immel
27.1%
89Riccardo Ferri
22.4%
165Karl Allgöwer
21.2%
153Günther Schäfer
17.6%
106Alessandro Bianchi
16.5%
117Jürgen Hartmann
15.3%
133Ásgeir Sigurvinsson
14.1%
76Jean-Luc Ettori
14.1%
94Andreas Merkle
11.8%
128Rainer Zietsch
10.6%
80Michael Schröder
7.1%

You're not logged in!

Compare scores with friends on all Sporcle quizzes.
OR
Log In

Sporcle TV

Today on Sporcle TV


Watch our educational content, quiz creation guides, and fun videos on Sporcle TV.

Show Comments

Extras

Top Quizzes Today


Score Distribution

Your Account Isn't Verified!

In order to create a playlist on Sporcle, you need to verify the email address you used during registration. Go to your Sporcle Settings to finish the process.

Report this User

Report this user for behavior that violates our Community Guidelines.

Details: